Livro de horas / (Record no. 92783)

MARC details
000 -LEADER
campo de control de longitud fija 00541nam a2200193 i 4500
001 - NÚMERO DE CONTROL
campo de control 92783
003 - IDENTIFICADOR DE NÚMERO DE CONTROL
campo de control ES-MaACL
005 - FECHA Y HORA DE LA ÚLTIMA TRANSACCIÓN
campo de control 20250825003654.0
007 - CAMPO FIJO DE DESCRIPCIÓN FÍSICA--INFORMACIÓN GENERAL
campo de control de longitud fija t|
008 - DATOS DE LONGITUD FIJA--INFORMACIÓN GENERAL
campo de control de longitud fija 050328s1964 bl ||||1| por d
080 ## - NÚMERO DE LA CLASIFICACIÓN DECIMAL UNIVERSAL
Número de la Clasificación Decimal Universal 264.02-13
245 00 - MENCIÓN DEL TÍTULO
Título Livro de horas /
Mención de responsabilidad, etc. traduçao de Maria de Lourdes Noronha.
260 ## - PUBLICACIÓN, DISTRIBUCIÓN, ETC.
Lugar de publicación, distribución, etc. Sao Paulo :
Nombre del editor, distribuidor, etc. Herder,
Fecha de publicación, distribución, etc. 1964.
300 ## - DESCRIPCIÓN FÍSICA
Extensión XXXVI, 788 p. ;
Dimensiones 18 cm.
650 #7 - PUNTO DE ACCESO ADICIONAL DE MATERIA--TÉRMINO DE MATERIA
Término de materia o nombre geográfico como elemento de entrada Libros de horas
Fuente del encabezamiento o término embne
9 (RLIN) 173752
700 1# - ENTRADA AGREGADA--NOMBRE PERSONAL
Nombre de persona Noronha, María de Lourdes.
9 (RLIN) 85998
852 4# - LOCALIZACIÓN
Ubicación ES-MaACL
Número de control de estantería C-26952
Holdings
Estatus retirado Estado de pérdida Estado de daño No para préstamo Biblioteca de origen Biblioteca actual Ubicación en estantería Fecha de adquisición Fuente de adquisición Total de préstamos Signatura topográfica completa Código de barras Visto por última vez Precio de reemplazo Tipo de ítem Koha
        Biblioteca del Ateneo de Madrid Biblioteca del Ateneo de Madrid Depósito 2 17/01/2008     C-26952 1096859 23/02/2023 23/02/2023 Libro impreso